LEADER 00939nam0 22002531i 450 001 RML0236308 005 20231121125702.0 100 $a20121121d1990 ||||0itac50 ba 101 | $aita 102 $ait 181 1$6z01$ai $bxxxe 182 1$6z01$an 200 1 $aMarketing per l'Europa$eCome affrontare la rivoluzione deimercati degli anni '90 nella CEE e nell'Est europeo$fJohn A. Quelch$gRobert D. Buzzell 210 $aMilano $cEtas Libri $d1990 215 $a398 p.$cfig.$d24 cm 700 1$aQUELCH$b, John A.$3RMLV150776$0286067 801 3$aIT$bIT-01$c20121121 850 $aIT-FR0098 899 $aBiblioteca Area Giuridico Economica$bFR0098 912 $aRML0236308 950 0$aBiblioteca Area Giuridico Economica$d 53IMP 658/557$e 53VM 0000049395 VM barcode:0004244VM$fA $h19950728$i20121204 977 $a 53 996 $aMarketing per l'Europa$9395023 997 $aUNICAS